[Event "FIDE World Youth U16 Chess Olympiad SLOVAKIA 2016"]
[Site "Poprad Tatry SLOVAKIA"]
[Date "2016.07.27"]
[Round "6"]
[Board "1"]
[White "Makhnyov, Denis"]
[Black "Kilic, Efe Mert"]
[Result "1-0"]
[WhiteElo "2351"]
[BlackElo "2131"]
[PlyCount "89"]
[EventDate "2016.07.22"]
[EventType "team"]
[EventRounds "9"]
[EventCountry "SVK"]
[WhiteTeam "Kazakhstan"]
[BlackTeam "Turkey"]

1. d4 Nf6 2. c4 e6 3. Nf3 b6 4. g3 Bb7 5. Bg2 Be7 6. O-O O-O 7. Re1 Qc8 8. Qc2
Ne4 9. Nfd2 Nxd2 10. Nxd2 Bxg2 11. Kxg2 c5 12. dxc5 Qxc5 13. Qd3 Rd8 14. Nb3
Qh5 15. Bf4 Na6 16. e4 d6 17. Rad1 Rac8 18. Nd4 Qc5 19. b3 Nb4 20. Qe2 a6 21.
Be3 Qe5 22. Bc1 Nc6 23. Nf3 Qh5 24. a4 Rb8 25. Nd4 Qxe2 26. Rxe2 Nxd4 27. Rxd4
Rb7 28. Ba3 Rbd7 29. Red2 f6 30. f4 Kf7 31. f5 g6 32. fxe6+ Kxe6 33. Rd5 Rc7
34. Bb4 Rc6 35. R2d3 Rb8 36. g4 Rh8 37. h4 Rg8 38. Kf3 Rf8 39. h5 f5 40. exf5+
gxf5 41. Re3+ Kd7 42. gxf5 Rf6 43. Bc3 Rh6 44. Kg4 Bf6 45. Re6 1-0

[Event "FIDE World Youth U16 Chess Olympiad SLOVAKIA 2016"]
[Site "Poprad Tatry SLOVAKIA"]
[Date "2016.07.27"]
[Round "6"]
[Board "2"]
[White "Dedebas, Emre Emin"]
[Black "Agmanov, Zhandos"]
[Result "0-1"]
[WhiteElo "2108"]
[BlackElo "2310"]
[PlyCount "118"]
[EventDate "2016.07.22"]
[EventType "team"]
[EventRounds "9"]
[EventCountry "SVK"]
[WhiteTeam "Turkey"]
[BlackTeam "Kazakhstan"]

1. d4 Nf6 2. c4 e6 3. Nf3 d5 4. g3 Bb4+ 5. Bd2 Be7 6. Bg2 O-O 7. Qc2 Nbd7 8.
O-O c6 9. Bf4 b6 10. cxd5 cxd5 11. Nc3 Bb7 12. Ne5 Rc8 13. Qd3 Nxe5 14. Bxe5 a6
15. Rac1 b5 16. Bxf6 Bxf6 17. Rfd1 Qa5 18. a3 b4 19. axb4 Qxb4 20. Qd2 a5 21.
e3 Bc6 22. Rc2 Bd7 23. Bf1 Be7 24. Ra1 Bd6 25. Be2 Rc7 26. Bd3 Rfc8 27. Ba6 Ra8
28. Be2 a4 29. Rac1 Qa5 30. Qd3 Rb7 31. e4 Rab8 32. exd5 exd5 33. Bf3 Be6 34.
Qe2 g6 35. Ra1 Rb4 36. Qd1 Bf8 37. Ra2 Bg7 38. Rd2 Ra8 39. b3 a3 40. Na4 Bf8
41. Rxa3 Rab8 42. Raa2 Qd8 43. Rab2 Bh6 44. Nc5 Bxd2 45. Rxd2 Ra8 46. Kg2 Qf6
47. Bg4 Bxg4 48. Qxg4 h5 49. Qf3 Qxf3+ 50. Kxf3 Re8 51. h4 Kg7 52. Rd3 Re1 53.
Na6 Rb6 54. Nc5 Rf6+ 55. Kg2 Re2 56. Rf3 Rd2 57. Rxf6 Kxf6 58. Nd7+ Ke6 59.
Nf8+ Ke7 0-1

[Event "FIDE World Youth U16 Chess Olympiad SLOVAKIA 2016"]
[Site "Poprad Tatry SLOVAKIA"]
[Date "2016.07.27"]
[Round "6"]
[Board "3"]
[White "Suleymenov, Alisher"]
[Black "Can, Isik"]
[Result "1-0"]
[WhiteElo "2259"]
[BlackElo "2103"]
[PlyCount "103"]
[EventDate "2016.07.22"]
[EventType "team"]
[EventRounds "9"]
[EventCountry "SVK"]
[WhiteTeam "Kazakhstan"]
[BlackTeam "Turkey"]

1. d4 Nf6 2. c4 e6 3. Nf3 b6 4. g3 Bb7 5. Bg2 Be7 6. O-O O-O 7. d5 exd5 8. Nh4
c6 9. cxd5 Nxd5 10. Nf5 Nc7 11. Nc3 d5 12. e4 Bf6 13. exd5 Nxd5 14. Nxd5 cxd5
15. Ne3 Nc6 16. Nxd5 Be5 17. Qg4 Nd4 18. Bg5 f6 19. Bxf6 Bxf6 20. Nxf6+ Qxf6
21. Bxb7 Rae8 22. Be4 Nf3+ 23. Bxf3 Qxf3 24. Qxf3 Rxf3 25. Rfe1 Rxe1+ 26. Rxe1
Rd3 27. Re2 Kf7 28. Kg2 h5 29. Rc2 Rd7 30. Kf3 Kf6 31. h3 Kf5 32. g4+ Kg5 33.
Kg3 Rd3+ 34. f3 h4+ 35. Kf2 Rd1 36. Rc7 g6 37. Rxa7 Rd2+ 38. Ke3 Rxb2 39. f4+
Kf6 40. g5+ Ke6 41. Rg7 Rxa2 42. Rxg6+ Kd5 43. Kf3 b5 44. Rb6 Kc5 45. Rb8 b4
46. Kg4 Rf2 47. Kxh4 Rxf4+ 48. Kh5 Rf3 49. h4 b3 50. g6 Rg3 51. Kh6 Rg4 52. h5
 1-0

[Event "FIDE World Youth U16 Chess Olympiad SLOVAKIA 2016"]
[Site "Poprad Tatry SLOVAKIA"]
[Date "2016.07.27"]
[Round "6"]
[Board "4"]
[White "Akdogan, Alperen"]
[Black "Muratova, Saltanat"]
[Result "1-0"]
[WhiteElo "2050"]
[BlackElo "2031"]
[PlyCount "75"]
[EventDate "2016.07.22"]
[EventType "team"]
[EventRounds "9"]
[EventCountry "SVK"]
[WhiteTeam "Turkey"]
[BlackTeam "Kazakhstan"]

1. d4 Nf6 2. Nf3 g6 3. Nbd2 Bg7 4. e4 d6 5. Bd3 O-O 6. O-O Nc6 7. Re1 e5 8. c3
exd4 9. cxd4 a5 10. b3 Nh5 11. Bb2 Nf4 12. Bf1 Re8 13. h3 Nb4 14. Nc4 d5 15. a3
Nc6 16. exd5 Rxe1 17. Qxe1 Nxd5 18. Nce5 Nce7 19. Bc4 h6 20. a4 Be6 21. Ba3 Nf5
22. Nxg6 Nxd4 23. Nxd4 Bxd4 24. Bxd5 Bxd5 25. Ne7+ Kh7 26. Rd1 c5 27. Bxc5 Bxc5
28. Nxd5 Qh4 29. Qe2 b6 30. Qf3 Rf8 31. Nf6+ Kg7 32. Nh5+ Kh7 33. Qf5+ Kg8 34.
Rd5 Ra8 35. g3 Qg5 36. Qf3 Qc1+ 37. Kg2 Qb2 38. Rxc5 1-0

[Event "FIDE World Youth U16 Chess Olympiad SLOVAKIA 2016"]
[Site "Poprad Tatry SLOVAKIA"]
[Date "2016.07.27"]
[Round "6"]
[Board "1"]
[White "Vogel, Roven"]
[Black "Macovei, Andrei"]
[Result "1-0"]
[WhiteElo "2425"]
[BlackElo "2396"]
[PlyCount "127"]
[EventDate "2016.07.22"]
[EventType "team"]
[EventRounds "9"]
[EventCountry "SVK"]
[WhiteTeam "Germany 1"]
[BlackTeam "Moldova"]

1. Nf3 c5 2. c4 Nc6 3. d4 cxd4 4. Nxd4 g6 5. g3 Bg7 6. Nc2 Nf6 7. Bg2 O-O 8.
O-O d6 9. Nc3 Bd7 10. b3 a6 11. Bd2 Rb8 12. a4 Na5 13. Ra3 Nc6 14. e4 Qc8 15.
Qe2 Bh3 16. a5 Re8 17. Nd5 Bxg2 18. Kxg2 Nd7 19. Rd1 e6 20. Nf4 Nd4 21. Nxd4
Bxd4 22. Bc1 Bg7 23. Be3 Qc6 24. f3 Rbd8 25. Ra2 Nc5 26. b4 Nd7 27. Rad2 Bf8
28. Rc2 Rc8 29. Rdc1 Qa4 30. Qd2 d5 31. cxd5 Rxc2 32. Qxc2 Qxb4 33. dxe6 fxe6
34. Qc7 Nf6 35. Rc4 Qa3 36. Bf2 Bd6 37. Qxb7 Bxf4 38. gxf4 Nh5 39. Qd7 Nxf4+
40. Kf1 Re7 41. Qd8+ Kg7 42. Rc8 Qd3+ 43. Qxd3 Nxd3 44. Ra8 Rb7 45. Bb6 Nb4 46.
Bd4+ Kh6 47. Bc3 Kg5 48. Bd2+ Kh4 49. Re8 Kh3 50. Rxe6 Nc2 51. Rxa6 Kxh2 52.
Rb6 Rf7 53. Kf2 Nd4 54. f4 h5 55. Rxg6 h4 56. a6 h3 57. Be3 Nc2 58. a7 Rf8 59.
Ra6 Ra8 60. Bc5 Kh1 61. Ra2 h2 62. Rxc2 Rg8 63. Rc1+ Rg1 64. e5 1-0

[Event "FIDE World Youth U16 Chess Olympiad SLOVAKIA 2016"]
[Site "Poprad Tatry SLOVAKIA"]
[Date "2016.07.27"]
[Round "6"]
[Board "2"]
[White "Schitco, Ivan"]
[Black "Urban, Konstantin"]
[Result "1/2-1/2"]
[WhiteElo "2148"]
[BlackElo "2329"]
[PlyCount "100"]
[EventDate "2016.07.22"]
[EventType "team"]
[EventRounds "9"]
[EventCountry "SVK"]
[WhiteTeam "Moldova"]
[BlackTeam "Germany 1"]

1. d4 Nf6 2. Bf4 g6 3. e3 Bg7 4. h3 O-O 5. Nf3 d6 6. Be2 c5 7. c3 b6 8. O-O Bb7
9. Nbd2 Nbd7 10. Bh2 Rc8 11. a4 a6 12. Re1 Rc7 13. Bd3 Qa8 14. Qe2 Re8 15. Rac1
Rcc8 16. Qf1 e5 17. dxe5 dxe5 18. e4 Nh5 19. Nc4 Rc6 20. Rcd1 Qb8 21. Bc2 Nf8
22. Re2 b5 23. Na5 Rcc8 24. Nxb7 Qxb7 25. Red2 Nf4 26. Rd6 Re6 27. axb5 axb5
28. Bxf4 exf4 29. R6d5 b4 30. Ng5 Re7 31. Qc4 h6 32. Nf3 bxc3 33. bxc3 Qb2 34.
Bb3 Qxc3 35. Qxc3 Bxc3 36. Rc1 Bb4 37. Ne5 Kg7 38. Rc4 Rce8 39. Nd3 Rxe4 40.
Rxe4 Rxe4 41. Nxc5 Re1+ 42. Kh2 Rb1 43. Ba4 Ra1 44. Nd3 Bc3 45. Bd7 Nxd7 46.
Rxd7 Rd1 47. Rd5 g5 48. Nxf4 Rf1 49. Nd3 Rd1 50. Nf4 Rxd5 1/2-1/2

[Event "FIDE World Youth U16 Chess Olympiad SLOVAKIA 2016"]
[Site "Poprad Tatry SLOVAKIA"]
[Date "2016.07.27"]
[Round "6"]
[Board "3"]
[White "Buckels, Valentin"]
[Black "Cojocari, Dmitri"]
[Result "1-0"]
[WhiteElo "2332"]
[BlackElo "2051"]
[PlyCount "67"]
[EventDate "2016.07.22"]
[EventType "team"]
[EventRounds "9"]
[EventCountry "SVK"]
[WhiteTeam "Germany 1"]
[BlackTeam "Moldova"]

1. d4 d6 2. Nf3 Bg4 3. c4 Bxf3 4. exf3 e5 5. d5 f5 6. Bd3 g6 7. O-O Bg7 8. c5
Nf6 9. Qb3 Nbd7 10. cxd6 cxd6 11. Qxb7 O-O 12. Bc2 Nb6 13. Bb3 Rf7 14. Qa6 Nfd7
15. Nc3 Nc5 16. Qe2 Nxb3 17. axb3 Rb7 18. Ra6 Bf8 19. b4 Nd7 20. Ra4 Rab8 21.
b5 Nb6 22. Ra6 f4 23. Bd2 Qd7 24. Rfa1 Be7 25. Qd3 Nc8 26. Rc6 Bd8 27. Raa6 Bb6
28. Ne4 Kg7 29. Bc3 Kh6 30. Nf6 Qd8 31. Ng4+ Kg7 32. Qe4 h5 33. Nxe5 dxe5 34.
Qxg6+ 1-0

[Event "FIDE World Youth U16 Chess Olympiad SLOVAKIA 2016"]
[Site "Poprad Tatry SLOVAKIA"]
[Date "2016.07.27"]
[Round "6"]
[Board "4"]
[White "Martinovici, Ilie"]
[Black "Sieber, Fiona"]
[Result "1-0"]
[WhiteElo "2097"]
[BlackElo "2177"]
[PlyCount "99"]
[EventDate "2016.07.22"]
[EventType "team"]
[EventRounds "9"]
[EventCountry "SVK"]
[WhiteTeam "Moldova"]
[BlackTeam "Germany 1"]

1. d4 Nf6 2. c4 g6 3. Nc3 d5 4. cxd5 Nxd5 5. e4 Nxc3 6. bxc3 Bg7 7. Bc4 c5 8.
Ne2 Nc6 9. Be3 O-O 10. O-O Bg4 11. f3 Bd7 12. Rb1 Qc7 13. Bd3 Rad8 14. Kh1 Bc8
15. d5 Ne5 16. c4 f5 17. Bf4 e6 18. exf5 exd5 19. Bxe5 Bxe5 20. fxg6 dxc4 21.
Bxc4+ Kg7 22. Qe1 hxg6 23. f4 Bf6 24. Rb3 Qc6 25. Ng3 Qa4 26. Qe2 Rfe8 27. Qc2
Qa5 28. Nh5+ gxh5 29. Rg3+ Bg4 30. h3 Re1 31. hxg4 Rxf1+ 32. Bxf1 Qe1 33. Kh2
h4 34. Rf3 h3 35. g5 Bd4 36. Rxh3 Rh8 37. Qe2 Qxe2 38. Bxe2 Be3 39. Rxh8 Kxh8
40. Kg3 Kg7 41. Kg4 a6 42. a4 Kf7 43. Bc4+ Ke7 44. f5 Kd6 45. f6 b5 46. axb5
axb5 47. Bxb5 Ke6 48. Bc4+ Kd7 49. Kf5 Ke8 50. g6 1-0

[Event "FIDE World Youth U16 Chess Olympiad SLOVAKIA 2016"]
[Site "Poprad Tatry SLOVAKIA"]
[Date "2016.07.27"]
[Round "6"]
[Board "1"]
[White "Antova, Gabriela"]
[Black "Pechac, Jergus"]
[Result "0-1"]
[WhiteElo "2292"]
[BlackElo "2463"]
[PlyCount "86"]
[EventDate "2016.07.22"]
[EventType "team"]
[EventRounds "9"]
[EventCountry "SVK"]
[WhiteTeam "Bulgaria"]
[BlackTeam "Slovakia 1"]

1. d4 Nf6 2. c4 g6 3. Nc3 Bg7 4. e4 O-O 5. f4 d6 6. Nf3 a6 7. Bd3 c5 8. dxc5
dxc5 9. e5 Ng4 10. h3 Nh6 11. Be3 b6 12. Be4 Ra7 13. Qxd8 Rxd8 14. Nd5 Bf5 15.
O-O-O Re8 16. Bxf5 Nxf5 17. Bf2 Rb7 18. g4 Nh6 19. Rd2 Nc6 20. Rhd1 f5 21. g5
Nf7 22. e6 Nfd8 23. Re2 Na5 24. b3 Ndc6 25. Kc2 Rc8 26. Red2 b5 27. Bxc5 bxc4
28. b4 c3 29. Nxc3 Nc4 30. Rd7 Rbb8 31. R1d5 Nb6 32. Ne5 Nxd5 33. Nxc6 Nxb4+
34. Nxb4 Rxc5 35. Nbd5 Bxc3 36. Nxc3 Rb6 37. Kd3 Rxe6 38. Kd4 Rd6+ 39. Kxc5
Rxd7 40. Nd5 Kf7 41. a4 e5 42. fxe5 Ke6 43. Nb4 f4 0-1

[Event "FIDE World Youth U16 Chess Olympiad SLOVAKIA 2016"]
[Site "Poprad Tatry SLOVAKIA"]
[Date "2016.07.27"]
[Round "6"]
[Board "2"]
[White "Haring, Viktor"]
[Black "Petkov, Matey"]
[Result "1/2-1/2"]
[WhiteElo "2289"]
[BlackElo "2117"]
[PlyCount "75"]
[EventDate "2016.07.22"]
[EventType "team"]
[EventRounds "9"]
[EventCountry "SVK"]
[WhiteTeam "Slovakia 1"]
[BlackTeam "Bulgaria"]

1. e4 e5 2. Nf3 d6 3. d4 exd4 4. Nxd4 Nf6 5. Nc3 Be7 6. Bc4 O-O 7. O-O c6 8. a4
Nxe4 9. Nxe4 d5 10. Bd3 dxe4 11. Bxe4 Bf6 12. c3 Bxd4 13. cxd4 Be6 14. Ra3 Qh4
15. Re1 Nd7 16. Rg3 h6 17. d5 cxd5 18. Bxd5 Nc5 19. Qf3 Rae8 20. Qc3 g6 21.
Qxc5 Bxd5 22. Be3 Qc4 23. Rd1 Rd8 24. h3 Qxc5 25. Bxc5 Bc6 26. Rxd8 Rxd8 27.
Bxa7 Bxa4 28. h4 h5 29. Kh2 Bc6 30. b4 Re8 31. Re3 Rxe3 32. Bxe3 f5 33. Kg3 Kf7
34. f3 Bb5 35. Kf4 Bf1 36. g3 Be2 37. Bd4 b5 38. Ke3 1/2-1/2

[Event "FIDE World Youth U16 Chess Olympiad SLOVAKIA 2016"]
[Site "Poprad Tatry SLOVAKIA"]
[Date "2016.07.27"]
[Round "6"]
[Board "3"]
[White "Yordanov, Lachezar"]
[Black "Lintner, Igor"]
[Result "1-0"]
[WhiteElo "2139"]
[BlackElo "2191"]
[PlyCount "61"]
[EventDate "2016.07.22"]
[EventType "team"]
[EventRounds "9"]
[EventCountry "SVK"]
[WhiteTeam "Bulgaria"]
[BlackTeam "Slovakia 1"]

1. d4 Nf6 2. c4 g6 3. Nc3 Bg7 4. e4 d6 5. Be2 O-O 6. Bg5 c6 7. Qd2 a6 8. Nf3 b5
9. Qf4 h6 10. Bxh6 Be6 11. Bxg7 Kxg7 12. d5 Bd7 13. O-O bxc4 14. Bxc4 Qb6 15.
b3 c5 16. Rfe1 Ra7 17. e5 dxe5 18. Qxe5 Bb5 19. Nd2 Nbd7 20. Qg3 Nb8 21. Re2
Rd7 22. Rae1 Qb7 23. Qe5 Kg8 24. Nde4 Ne8 25. Nxc5 Qc8 26. Nxd7 Nxd7 27. Qd4
Nd6 28. Bxb5 axb5 29. Ne4 Nf5 30. Qb4 Qb8 31. Ng3 1-0

[Event "FIDE World Youth U16 Chess Olympiad SLOVAKIA 2016"]
[Site "Poprad Tatry SLOVAKIA"]
[Date "2016.07.27"]
[Round "6"]
[Board "4"]
[White "Vrtiakova, Anna"]
[Black "Salimova, Nurgyul"]
[Result "0-1"]
[WhiteElo "2044"]
[BlackElo "2136"]
[PlyCount "60"]
[EventDate "2016.07.22"]
[EventType "team"]
[EventRounds "9"]
[EventCountry "SVK"]
[WhiteTeam "Slovakia 1"]
[BlackTeam "Bulgaria"]

1. e4 c5 2. Nf3 Nc6 3. d4 cxd4 4. Nxd4 g6 5. Nc3 Bg7 6. Be3 Nf6 7. Bc4 O-O 8.
Bb3 a5 9. f3 d5 10. exd5 Nb4 11. O-O Nfxd5 12. Nxd5 Nxd5 13. Bg5 h6 14. Bc1 a4
15. Bxd5 Qxd5 16. c3 Rd8 17. Be3 Qc4 18. Qc1 e5 19. Nc2 Kh7 20. Rd1 Bf5 21. Nb4
Rxd1+ 22. Qxd1 a3 23. Qd2 axb2 24. Qxb2 e4 25. Rc1 exf3 26. gxf3 Re8 27. Qd2
Bf8 28. Nd5 Re6 29. Nf4 Rxe3 30. Ng2 Re2 0-1

[Event "FIDE World Youth U16 Chess Olympiad SLOVAKIA 2016"]
[Site "Poprad Tatry SLOVAKIA"]
[Date "2016.07.27"]
[Round "6"]
[Board "1"]
[White "Bratkovic, Jakob"]
[Black "Tsolakidou, Stavroula"]
[Result "0-1"]
[WhiteElo "2186"]
[BlackElo "2364"]
[PlyCount "94"]
[EventDate "2016.07.22"]
[EventType "team"]
[EventRounds "9"]
[EventCountry "SVK"]
[WhiteTeam "Slovenia"]
[BlackTeam "Greece"]

1. e4 c5 2. Nf3 d6 3. d4 cxd4 4. Nxd4 Nf6 5. Nc3 a6 6. Be3 e5 7. Nb3 Be7 8. Bc4
Qc7 9. Bd5 O-O 10. O-O Be6 11. Qd2 Nbd7 12. Bg5 Rac8 13. Bxf6 Nxf6 14. Rad1 b5
15. Na1 b4 16. Ne2 Nxd5 17. exd5 Bg4 18. f3 Qb6+ 19. Kh1 Bd7 20. c3 a5 21. cxb4
axb4 22. Rc1 Bb5 23. Rxc8 Rxc8 24. Rc1 Rxc1+ 25. Nxc1 h6 26. Ncb3 Bg5 27. Qe1
Bc4 28. Nc2 Bxd5 29. h4 Be7 30. Nxb4 Bb7 31. Nc2 Qb5 32. Ne3 Qa4 33. Nf5 Bf8
34. Nd2 Qxa2 35. Ne4 Qe6 36. Qb4 Bc8 37. Neg3 d5 38. Qd2 d4 39. h5 Qf6 40. Qc2
Bd7 41. Qe4 g6 42. hxg6 fxg6 43. Nh4 Kf7 44. Kg1 Be7 45. Qb7 Qc6 46. Qb3+ Be6
47. Nxg6 Qc1+ 0-1

[Event "FIDE World Youth U16 Chess Olympiad SLOVAKIA 2016"]
[Site "Poprad Tatry SLOVAKIA"]
[Date "2016.07.27"]
[Round "6"]
[Board "2"]
[White "Giannoulakis, Lampros"]
[Black "Dobrovoljc, Vid"]
[Result "1-0"]
[WhiteElo "2214"]
[BlackElo "2246"]
[PlyCount "73"]
[EventDate "2016.07.22"]
[EventType "team"]
[EventRounds "9"]
[EventCountry "SVK"]
[WhiteTeam "Greece"]
[BlackTeam "Slovenia"]

1. d4 Nf6 2. c4 g6 3. Nc3 Bg7 4. e4 d6 5. Be2 O-O 6. Be3 c5 7. d5 e6 8. Nf3
exd5 9. cxd5 Re8 10. Nd2 Nbd7 11. O-O a6 12. a4 Rb8 13. Qc2 Ne5 14. h3 Nh5 15.
Rae1 f5 16. f4 Nf7 17. Kh2 Nf6 18. Bd3 fxe4 19. Ndxe4 Nxe4 20. Nxe4 b5 21. axb5
axb5 22. b3 Bd7 23. Bd2 Bf5 24. Ng3 Bxd3 25. Qxd3 Rxe1 26. Rxe1 Qf6 27. Ne4 Qd4
28. Qf3 b4 29. Bc1 Rf8 30. Rd1 Qa1 31. Qe2 Ra8 32. Nd2 Qc3 33. Qe6 Ra1 34. Ne4
Qxb3 35. Ng5 Ra7 36. Qe8+ Bf8 37. Ne6 1-0

[Event "FIDE World Youth U16 Chess Olympiad SLOVAKIA 2016"]
[Site "Poprad Tatry SLOVAKIA"]
[Date "2016.07.27"]
[Round "6"]
[Board "3"]
[White "Zamar Kodelja, Jurij"]
[Black "Alexiadis, Hristos"]
[Result "1/2-1/2"]
[WhiteElo "2103"]
[BlackElo "2254"]
[PlyCount "162"]
[EventDate "2016.07.22"]
[EventType "team"]
[EventRounds "9"]
[EventCountry "SVK"]
[WhiteTeam "Slovenia"]
[BlackTeam "Greece"]

1. d4 Nf6 2. c4 e6 3. Nc3 Bb4 4. e3 O-O 5. Bd3 c5 6. Nf3 d6 7. O-O Bxc3 8. bxc3
Nc6 9. Qc2 e5 10. d5 Ne7 11. Nd2 Ng6 12. f4 exf4 13. exf4 Re8 14. Nf3 Bg4 15.
f5 Nf8 16. Bf4 Bxf3 17. Rxf3 Qc7 18. h3 N6d7 19. Rg3 Kh8 20. Rf1 f6 21. Rf2 Re7
22. Bf1 Ne5 23. Qa4 Qd7 24. Qc2 Rae8 25. Re3 Nf7 26. Rg3 Re4 27. Bd2 Qc8 28.
Bd3 R4e5 29. Qd1 R5e7 30. Qa4 Ne5 31. Bf1 a6 32. Qc2 Nfd7 33. Rf4 Rg8 34. Qd1
Qe8 35. Rh4 g5 36. fxg6 Nf8 37. Bh6 Nfxg6 38. Rh5 Qd7 39. Bd3 Nxd3 40. Qxd3 Qe8
41. Qf3 Rf7 42. Kh2 Ne5 43. Rxg8+ Qxg8 44. Qf5 Qe8 45. Qf4 Qe7 46. Rf5 Ng6 47.
Qg4 Qd7 48. Qh5 Kg8 49. Rf3 Qe7 50. Re3 Ne5 51. Qf5 Qd7 52. Qf4 Ng6 53. Qg3 Re7
54. Rf3 f5 55. Qg5 Rf7 56. Qh5 Qe8 57. Re3 Re7 58. Rg3 Re5 59. Bf4 Re1 60. Bxd6
Qe4 61. Qh6 Qe8 62. Bxc5 Qf7 63. Qd2 Re8 64. d6 f4 65. Rf3 Rd8 66. Qd4 Qe6 67.
Bb4 Rd7 68. Qc5 Rd8 69. Qg5 Rd7 70. Rxf4 Rxd6 71. Qf5 Nxf4 72. Qxf4 Rd8 73.
Qg5+ Kf7 74. Qxd8 Qe5+ 75. Kh1 Qe1+ 76. Kh2 Qe5+ 77. Kh1 Qe1+ 78. Kh2 Qe5+ 79.
Kh1 Qe1+ 80. Kh2 Qe5+ 81. Kh1 Qe1+ 1/2-1/2

[Event "FIDE World Youth U16 Chess Olympiad SLOVAKIA 2016"]
[Site "Poprad Tatry SLOVAKIA"]
[Date "2016.07.27"]
[Round "6"]
[Board "4"]
[White "Ioannidis, Evgenios"]
[Black "Amon, Nejc"]
[Result "1-0"]
[WhiteElo "2282"]
[BlackElo "2104"]
[PlyCount "103"]
[EventDate "2016.07.22"]
[EventType "team"]
[EventRounds "9"]
[EventCountry "SVK"]
[WhiteTeam "Greece"]
[BlackTeam "Slovenia"]

1. d4 Nf6 2. c4 e6 3. Nf3 b6 4. g3 Ba6 5. b3 b5 6. Nbd2 Bb4 7. Bg2 O-O 8. O-O
c5 9. a3 Bc3 10. Ra2 bxc4 11. dxc5 cxb3 12. Qxb3 Bxd2 13. Rxd2 Nc6 14. Qa4 Qa5
15. Qxa5 Nxa5 16. Ne5 Rad8 17. Rc2 Rc8 18. Bg5 Rfd8 19. Rb1 d6 20. Bd2 dxe5 21.
Bxa5 Rd4 22. Bb7 Bxb7 23. Rxb7 Ra4 24. Rxa7 Rxa3 25. c6 h5 26. c7 Nd7 27. Rd2
Rxa5 28. Rxa5 Rxc7 29. Kg2 Kh7 30. Rda2 Kg6 31. h3 Kf6 32. Ra8 Kg6 33. Rh8 Rb7
34. Ra5 Rc7 35. f4 exf4 36. gxf4 f5 37. Ra6 Nc5 38. Rb6 Re7 39. Kf3 Nd7 40. Rc6
Nf6 41. Rhc8 e5 42. e3 exf4 43. exf4 Ra7 44. R8c7 Ra3+ 45. Rc3 Ra4 46. Rd3 Ra1
47. Rb7 Rf1+ 48. Kg2 Rxf4 49. Rg3+ Kh6 50. Rbxg7 Ng4 51. Rf7 h4 52. Rxg4 1-0

[Event "FIDE World Youth U16 Chess Olympiad SLOVAKIA 2016"]
[Site "Poprad Tatry SLOVAKIA"]
[Date "2016.07.27"]
[Round "6"]
[Board "1"]
[White "Costachi, Mihnea"]
[Black "Chan, Kris"]
[Result "1-0"]
[WhiteElo "2420"]
[BlackElo "2187"]
[PlyCount "97"]
[EventDate "2016.07.22"]
[EventType "team"]
[EventRounds "9"]
[EventCountry "SVK"]
[WhiteTeam "Romania"]
[BlackTeam "Australia"]

1. d4 Nf6 2. c4 g6 3. Nc3 d5 4. Qb3 dxc4 5. Qxc4 Be6 6. Qa4+ Bd7 7. Qb3 Bg7 8.
e4 c5 9. d5 Qc7 10. Nf3 e6 11. Nb5 Qb6 12. Bf4 Bxb5 13. Bxb5+ Nbd7 14. dxe6
Qxe6 15. Qxe6+ fxe6 16. O-O-O O-O-O 17. Rd6 e5 18. Bxd7+ Rxd7 19. Rxd7 Nxd7 20.
Bg3 Rf8 21. Kc2 Nb8 22. h4 h6 23. h5 g5 24. Nh2 Nc6 25. Ng4 Rd8 26. f3 Nb4+ 27.
Kb1 Nd3 28. Ne3 Nf4 29. Kc2 Ne2 30. Bf2 Bf8 31. Nf5 Nd4+ 32. Bxd4 cxd4 33. Kd3
Kd7 34. Rc1 Re8 35. g3 Re6 36. f4 gxf4 37. gxf4 exf4 38. Rg1 Bc5 39. Rg7+ Kc6
40. b4 Bb6 41. Kc4 a6 42. a4 Bd8 43. Nxd4+ Kd6 44. Nxe6 Kxe6 45. Rxb7 Ke5 46.
Kd3 f3 47. Rf7 Bf6 48. Ke3 Ke6 49. Rxf6+ 1-0

[Event "FIDE World Youth U16 Chess Olympiad SLOVAKIA 2016"]
[Site "Poprad Tatry SLOVAKIA"]
[Date "2016.07.27"]
[Round "6"]
[Board "2"]
[White "Cannon, David"]
[Black "Gavrilescu, David"]
[Result "0-1"]
[WhiteElo "2093"]
[BlackElo "2274"]
[PlyCount "118"]
[EventDate "2016.07.22"]
[EventType "team"]
[EventRounds "9"]
[EventCountry "SVK"]
[WhiteTeam "Australia"]
[BlackTeam "Romania"]

1. e4 c5 2. Nf3 e6 3. d4 cxd4 4. Nxd4 a6 5. c4 Nf6 6. Nc3 Qc7 7. a3 b6 8. Be3
Bb7 9. f3 Be7 10. Be2 d6 11. O-O O-O 12. Qd2 Nbd7 13. Rac1 Rfc8 14. b4 Rab8 15.
Rfd1 Qd8 16. Bf1 Ne5 17. Na4 Ba8 18. Qf2 Bxe4 19. fxe4 Nfg4 20. Qd2 Nxe3 21.
Qxe3 Bg5 22. Qe1 Bxc1 23. Rxc1 Qd7 24. Nb2 h6 25. Kh1 Qe7 26. Nf3 Nxf3 27. gxf3
Qf6 28. Qc3 Qxc3 29. Rxc3 d5 30. Kg2 dxc4 31. Rxc4 Rxc4 32. Nxc4 b5 33. Nd6 e5
34. Nf5 Kf8 35. Ne3 Rc8 36. Nd5 Rc2+ 37. Kg3 Rc1 38. Be2 Ra1 39. Nb6 f6 40. a4
bxa4 41. Bxa6 a3 42. Bc4 a2 43. Kh3 g5 44. Nd5 h5 45. Nxf6 Rf1 46. Nd7+ Ke7 47.
Bxa2 Rxf3+ 48. Kg2 Ra3 49. Bf7 Kxf7 50. Nxe5+ Ke6 51. Nc6 Ra2+ 52. Kg3 Rb2 53.
h4 g4 54. Kf4 Rf2+ 55. Kg3 Rf3+ 56. Kg2 Re3 57. b5 Kd6 58. e5+ Kc5 59. Kf2 Re4
 0-1

[Event "FIDE World Youth U16 Chess Olympiad SLOVAKIA 2016"]
[Site "Poprad Tatry SLOVAKIA"]
[Date "2016.07.27"]
[Round "6"]
[Board "3"]
[White "Banzea, Alexandru-Bogdan"]
[Black "Chan, Luis"]
[Result "1-0"]
[WhiteElo "2263"]
[BlackElo "1953"]
[PlyCount "77"]
[EventDate "2016.07.22"]
[EventType "team"]
[EventRounds "9"]
[EventCountry "SVK"]
[WhiteTeam "Romania"]
[BlackTeam "Australia"]

1. e4 e6 2. d4 d5 3. Nc3 dxe4 4. Nxe4 Nd7 5. Nf3 Ngf6 6. Bd3 c5 7. O-O Nxe4 8.
Bxe4 Nf6 9. Bd3 cxd4 10. Nxd4 Bc5 11. c3 O-O 12. Nb3 Bd6 13. Qf3 Qc7 14. Qh3 e5
15. Bf5 e4 16. Nd4 Bf4 17. Qh4 Bxc1 18. Raxc1 Qe5 19. Bxc8 Raxc8 20. Rce1 Qd5
21. f3 e3 22. Rxe3 Qxa2 23. Nf5 Nd5 24. Qd4 Nf6 25. Ne7+ Kh8 26. Nxc8 Rxc8 27.
Rd1 h6 28. Re7 b6 29. b4 Kg8 30. c4 Rxc4 31. Qd8+ Kh7 32. Qd3+ Kg8 33. Rxa7
Qxa7 34. Qxc4 Qe7 35. Qd4 Qe6 36. Kf2 Qc6 37. Qd6 Qb5 38. Qd8+ Ne8 39. Rd7 1-0

[Event "FIDE World Youth U16 Chess Olympiad SLOVAKIA 2016"]
[Site "Poprad Tatry SLOVAKIA"]
[Date "2016.07.27"]
[Round "6"]
[Board "4"]
[White "Yao, Licia"]
[Black "Ileana, George"]
[Result "0-1"]
[WhiteElo "1677"]
[BlackElo "2117"]
[PlyCount "84"]
[EventDate "2016.07.22"]
[EventType "team"]
[EventRounds "9"]
[EventCountry "SVK"]
[WhiteTeam "Australia"]
[BlackTeam "Romania"]

1. d4 Nf6 2. c4 e6 3. Nf3 Bb4+ 4. Nbd2 d6 5. e3 O-O 6. Bd3 Re8 7. O-O e5 8.
dxe5 dxe5 9. Ne4 Bg4 10. Nxf6+ Qxf6 11. Be2 Nc6 12. Ne1 Bf5 13. a3 Bd6 14. f3
Rad8 15. Qb3 b6 16. Qc3 a5 17. b3 Bc5 18. Nd3 Nd4 19. Bd1 Bxd3 20. b4 Bxf1 21.
Kxf1 axb4 22. axb4 Nc6 23. bxc5 Rxd1+ 24. Ke2 Red8 25. cxb6 cxb6 26. Ra2 Qg6
27. Bd2 R1xd2+ 28. Rxd2 Qxg2+ 29. Kd1 Rxd2+ 30. Qxd2 Qxf3+ 31. Kc2 Qe4+ 32. Kc3
g5 33. Qe2 Kg7 34. Qd2 Na5 35. Qe2 f5 36. Kb4 f4 37. Kc3 f3 38. Qd2 Qxc4+ 39.
Kb2 Qe2 40. Kc3 Qxd2+ 41. Kxd2 Nc4+ 42. Kd3 e4+ 0-1